000 00701nam a2200289Ia 4500
005 20260324133104.0
008 008 260324s9999 xx 000 0 eng d
020 _a9780203488485
037 _aEBOOK
040 _aCRL
040 _beng
040 _cCRL
041 _2eng
041 _aeng
084 _qCRL
100 _aEdward Vickers
_91186618
245 0 _aIn Search of an Identity
245 4 _bThe Politics of History Teaching in Hong Kong, 1960s-2000
260 _bTaylor and Francis
260 _c2003
365 _a
365 _b230
856 _uhttp://www.taylorfrancis.com/books/9780203488485
942 _cEBOOK
999 _c1790483
_d1790483